000 01596cam a2200301 4500
001 L127480
002 7929
008 040922n2004 000 0 eng u
020 _a1904829058
035 _a(Sirsi) u127480
041 _aeng
050 _a690.23
_c18
110 _aBuilding Cost Information Service
_91096
245 _aGuide to building construction duration
260 _aLondon
_bBCIS
_c2004
300 _a80p.
_c30cm.
350 _a95
520 _aThis guide presents and analyses data on the actual time taken to construct buildings, providing an aid to clients and their consultants in estimating the construction duration at the earliest stages of future products. The data used in this study has been collected as part of the annual Key Performance Indicators survey carried out by BCIS on behalf of the DTI. The study is based on over 1 500 new build building projects completed in the UK between 1998 and 2002. Appendices provide: regional factors; the BCIS Tender Price Index; definition of classification of variables; log values of construction costs; multiple linear regression; and equations for regression trend lines.
520 _aAn accompanying CD-ROM (L145245)contains the BCIS building construction duration calculator, which is not available for loan.
650 _aCONSTRUCTION PROJECTS
650 _aCONSTRUCTION COSTS
650 _aBUILT ENVIRONMENT-BUILDING COSTS
650 _aMANAGEMENT-PROJECT MANAGEMENT
650 _aESTIMATING
650 _aKEY PERFORMANCE INDICATORS
690 _aBUILDING AND CONSTRUCTION-PROJECTS
942 _n0
999 _c103793
_d103793